000 00689nam a2200205Ii 4500
003 JO-AjNU
008 230605s9999||||xx |||||||||||||| ||und||
017 _a1987/500
040 _aJO-AjNU
_bara
_erda
_cJO-AjNU
041 _aara
050 1 4 _aD16.8 .F3788 1987
100 3 _aتاليف فرحان، محمد جلوب,
_eauthor
_915298
245 0 0 _a الفيلسوف والتاريخ: نماذج من التاويل الفلسفي للتاريخ
264 3 1 _aالموصل: مكتبة بسام، 1987
300 _a117ص
336 _atext
_btxt
_2rdacontent
337 _aunmediated
_bn
_2rdamedia
338 _avolume
_bnc
_2rdacarrier
650 4 _aتاريخ -- فلسفة.
_915299
999 _aA4286
_c7854
_d7854